LEADER 00926nam a2200217 u 4500 001 000000082148 003 CaOOAMICUS 005 20070226123830.0 008 050407s1926 it u000 u ita u 035 $a11038186 040 $aPUL(R)$bita 100 1 $aCrawley, Matheo,$cSS. CC.$0(OLS)http://pul/name/54554 245 10$aApostole nel mondo! :$balle dirigenti dell'Azione Cattolica Femminile Italiana /$critiro predicato da P. Mathéo Crawley. 260 $aMilano :$bVita e pensiero,$c1926. 300 $a93 p. ;$c18 cm 650 4$aMeditazioni.$0(OLS)http://pul/subject/581 850 $aPUL 852 $aPUL$W1$xDP1 Fondo Cecchetti$y53$m260 T 87$j104719$nBK-PRI$b $qFondi$B104719$CPULBib$Z2$F104719 $82 941 1 $a1 996 $6245$aApostole nel mondo! :$balle dirigenti dell'Azione Cattolica Femminile Italiana$9(OLS)http://pul/title/107387 996 $6260$aMilano :$bVita e pensiero$9(OLS)http://pul/publisher/48016 LEADER 01128naa a2200265 u 4500 001 000000110283 003 CaOOAMICUS 005 20080304110805.0 008 080304s2007 it u000 u ita u 020 $a88-14-13514-2 040 $aPUL$bita$dLDB 245 00$aAutorità e consenso nel diritto tributario /$ca cura di Salvatore La Rosa. 260 $aMilano :$bGiuffrè,$c2007. 300 $axv, 391 p. ;$c25 cm. 490 1 $aOrdinamento tributario italiano 504 $aBibliografia in nota. 650 4$aDiritto tributario$zItalia.$0(OLS)http://pul/subject/18167 700 1 $aLa Rosa, Salvatore.$0(OLS)http://pul/name/67572 830 0$aOrdinamento tributario italiano.$0(OLS)http://pul/title/138670 850 $aPUL 852 $aPUL$W1$xSL Diritto e Scienze Sociali 3$y79$m346. 4502 LARSA 1$j126318$qDDC 21$B125044$CPULBib$Z2$F125044 $H105840 $82 941 1 $a9 996 $6020$a88-14-13514-2$9(OLS)http://pul/number/137316 996 $6245$aAutorità e consenso nel diritto tributario$9(OLS)http://pul/title/138668 996 $6260$aMilano :$bGiuffrè$9(OLS)http://pul/publisher/48401